<?xml version="1.0" encoding="UTF-8"?>
<record
    xmlns:xsi="http://www.w3.org/2001/XMLSchema-instance"
    xsi:schemaLocation="http://www.loc.gov/MARC21/slim http://www.loc.gov/standards/marcxml/schema/MARC21slim.xsd"
    xmlns="http://www.loc.gov/MARC21/slim">

  <leader>00860nas a2200277 454500</leader>
  <controlfield tag="001">44549</controlfield>
  <controlfield tag="005">20260407193511.0</controlfield>
  <controlfield tag="008">260407s1988####ag###########|||spa#d</controlfield>
  <controlfield tag="003">AR-UNSa-BCEJYS</controlfield>
  <datafield tag="040" ind1=" " ind2=" ">
    <subfield code="a">AR-UNSa-BCEJYS</subfield>
    <subfield code="b">spa</subfield>
    <subfield code="c">AR-UNSa-BCEJYS</subfield>
  </datafield>
  <datafield tag="080" ind1=" " ind2=" ">
    <subfield code="a">331.2</subfield>
    <subfield code="x">Salarios. Sueldos. Remuneraciones</subfield>
  </datafield>
  <datafield tag="245" ind1="1" ind2="0">
    <subfield code="a">Poder de compra de los salarios industriales</subfield>
    <subfield code="p">estudio de coyuntura</subfield>
  </datafield>
  <datafield tag="022" ind1=" " ind2=" ">
    <subfield code="a">0326-0119</subfield>
  </datafield>
  <datafield tag="264" ind1=" " ind2="1">
    <subfield code="a">Buenos Aires :</subfield>
    <subfield code="b">UADE (Universidad Argentina de la Empresa)</subfield>
    <subfield code="c">1988</subfield>
  </datafield>
  <datafield tag="310" ind1=" " ind2=" ">
    <subfield code="a">Frecuencia: Mensual</subfield>
  </datafield>
  <datafield tag="041" ind1=" " ind2=" ">
    <subfield code="a">spa</subfield>
  </datafield>
  <datafield tag="942" ind1=" " ind2=" ">
    <subfield code="c">SER</subfield>
  </datafield>
  <datafield tag="590" ind1=" " ind2=" ">
    <subfield code="a">niveau_biblio:s niveau_hierar:1</subfield>
  </datafield>
  <datafield tag="100" ind1="1" ind2=" ">
    <subfield code="a">Universidad Argentina de la Empresa. Instituto de Econom&#xED;a</subfield>
  </datafield>
  <datafield tag="700" ind1="1" ind2=" ">
    <subfield code="a">Chisari, Omar O.</subfield>
  </datafield>
  <datafield tag="650" ind1=" " ind2=" ">
    <subfield code="a">Datos estad&#xED;sticos</subfield>
  </datafield>
  <datafield tag="650" ind1=" " ind2=" ">
    <subfield code="a">Obrero industrial</subfield>
  </datafield>
  <datafield tag="650" ind1=" " ind2=" ">
    <subfield code="a">Salario</subfield>
  </datafield>
  <datafield tag="650" ind1=" " ind2=" ">
    <subfield code="a">PRECIOS</subfield>
  </datafield>
  <datafield tag="650" ind1=" " ind2=" ">
    <subfield code="a">BIENES DE CONSUMO</subfield>
  </datafield>
  <datafield tag="999" ind1=" " ind2=" ">
    <subfield code="c">8925</subfield>
    <subfield code="d">8925</subfield>
  </datafield>
  <datafield tag="952" ind1=" " ind2=" ">
    <subfield code="0">0</subfield>
    <subfield code="1">0</subfield>
    <subfield code="4">0</subfield>
    <subfield code="7">0</subfield>
    <subfield code="a">BCEJYS</subfield>
    <subfield code="b">BCEJYS</subfield>
    <subfield code="c">13</subfield>
    <subfield code="d">1999-06-01</subfield>
    <subfield code="h">N&#xBA; 177 - jun. 1999</subfield>
    <subfield code="l">0</subfield>
    <subfield code="o">H331.2 PCS 177</subfield>
    <subfield code="p">R21575</subfield>
    <subfield code="r">2026-04-10 16:10:08</subfield>
    <subfield code="w">2026-04-10</subfield>
    <subfield code="y">RN</subfield>
  </datafield>
  <datafield tag="952" ind1=" " ind2=" ">
    <subfield code="0">0</subfield>
    <subfield code="1">0</subfield>
    <subfield code="4">0</subfield>
    <subfield code="7">0</subfield>
    <subfield code="a">BCEJYS</subfield>
    <subfield code="b">BCEJYS</subfield>
    <subfield code="c">13</subfield>
    <subfield code="d">1999-04-01</subfield>
    <subfield code="h">N&#xBA; 175 - abr. 1999</subfield>
    <subfield code="l">0</subfield>
    <subfield code="o">H331.2 PCS 175</subfield>
    <subfield code="p">R21574</subfield>
    <subfield code="r">2026-04-10 16:10:08</subfield>
    <subfield code="w">2026-04-10</subfield>
    <subfield code="y">RN</subfield>
  </datafield>
  <datafield tag="952" ind1=" " ind2=" ">
    <subfield code="0">0</subfield>
    <subfield code="1">0</subfield>
    <subfield code="4">0</subfield>
    <subfield code="7">0</subfield>
    <subfield code="a">BCEJYS</subfield>
    <subfield code="b">BCEJYS</subfield>
    <subfield code="c">13</subfield>
    <subfield code="d">1999-02-01</subfield>
    <subfield code="h">N&#xBA; 174 - feb. 1999</subfield>
    <subfield code="l">0</subfield>
    <subfield code="o">H331.2 PCS 174</subfield>
    <subfield code="p">R21573</subfield>
    <subfield code="r">2026-04-10 16:10:08</subfield>
    <subfield code="w">2026-04-10</subfield>
    <subfield code="y">RN</subfield>
  </datafield>
  <datafield tag="952" ind1=" " ind2=" ">
    <subfield code="0">0</subfield>
    <subfield code="1">0</subfield>
    <subfield code="4">0</subfield>
    <subfield code="7">0</subfield>
    <subfield code="a">BCEJYS</subfield>
    <subfield code="b">BCEJYS</subfield>
    <subfield code="c">13</subfield>
    <subfield code="d">1998-12-01</subfield>
    <subfield code="h">N&#xBA; 173 - dic. 1998</subfield>
    <subfield code="l">0</subfield>
    <subfield code="o">H331.2 PCS 173</subfield>
    <subfield code="p">R21572</subfield>
    <subfield code="r">2026-04-10 16:10:08</subfield>
    <subfield code="w">2026-04-10</subfield>
    <subfield code="y">RN</subfield>
  </datafield>
  <datafield tag="952" ind1=" " ind2=" ">
    <subfield code="0">0</subfield>
    <subfield code="1">0</subfield>
    <subfield code="4">0</subfield>
    <subfield code="7">0</subfield>
    <subfield code="a">BCEJYS</subfield>
    <subfield code="b">BCEJYS</subfield>
    <subfield code="c">13</subfield>
    <subfield code="d">1998-11-01</subfield>
    <subfield code="h">N&#xBA; 172 - nov. 1998</subfield>
    <subfield code="l">0</subfield>
    <subfield code="o">H331.2 PCS 172</subfield>
    <subfield code="p">R21571</subfield>
    <subfield code="r">2026-04-10 16:10:08</subfield>
    <subfield code="w">2026-04-10</subfield>
    <subfield code="y">RN</subfield>
  </datafield>
  <datafield tag="952" ind1=" " ind2=" ">
    <subfield code="0">0</subfield>
    <subfield code="1">0</subfield>
    <subfield code="4">0</subfield>
    <subfield code="7">0</subfield>
    <subfield code="a">BCEJYS</subfield>
    <subfield code="b">BCEJYS</subfield>
    <subfield code="c">13</subfield>
    <subfield code="d">1998-10-01</subfield>
    <subfield code="h">N&#xBA; 171 - oct. 1998</subfield>
    <subfield code="l">0</subfield>
    <subfield code="o">H331.2 PCS 171</subfield>
    <subfield code="p">R21570</subfield>
    <subfield code="r">2026-04-10 16:10:08</subfield>
    <subfield code="w">2026-04-10</subfield>
    <subfield code="y">RN</subfield>
  </datafield>
  <datafield tag="952" ind1=" " ind2=" ">
    <subfield code="0">0</subfield>
    <subfield code="1">0</subfield>
    <subfield code="4">0</subfield>
    <subfield code="7">0</subfield>
    <subfield code="a">BCEJYS</subfield>
    <subfield code="b">BCEJYS</subfield>
    <subfield code="c">13</subfield>
    <subfield code="d">1998-03-01</subfield>
    <subfield code="h">N&#xBA; 165 - mar. 1998</subfield>
    <subfield code="l">0</subfield>
    <subfield code="o">H331.2 PCS 165</subfield>
    <subfield code="p">R21569</subfield>
    <subfield code="r">2026-04-10 16:10:08</subfield>
    <subfield code="w">2026-04-10</subfield>
    <subfield code="y">RN</subfield>
  </datafield>
  <datafield tag="952" ind1=" " ind2=" ">
    <subfield code="0">0</subfield>
    <subfield code="1">0</subfield>
    <subfield code="4">0</subfield>
    <subfield code="7">0</subfield>
    <subfield code="a">BCEJYS</subfield>
    <subfield code="b">BCEJYS</subfield>
    <subfield code="c">13</subfield>
    <subfield code="d">1998-02-01</subfield>
    <subfield code="h">N&#xBA; 164 - feb. 1998</subfield>
    <subfield code="l">0</subfield>
    <subfield code="o">H331.2 PCS 164</subfield>
    <subfield code="p">R21568</subfield>
    <subfield code="r">2026-04-10 16:10:08</subfield>
    <subfield code="w">2026-04-10</subfield>
    <subfield code="y">RN</subfield>
  </datafield>
  <datafield tag="952" ind1=" " ind2=" ">
    <subfield code="0">0</subfield>
    <subfield code="1">0</subfield>
    <subfield code="4">0</subfield>
    <subfield code="7">0</subfield>
    <subfield code="a">BCEJYS</subfield>
    <subfield code="b">BCEJYS</subfield>
    <subfield code="c">13</subfield>
    <subfield code="d">1997-11-01</subfield>
    <subfield code="h">N&#xBA; 163 - nov. 1997</subfield>
    <subfield code="l">0</subfield>
    <subfield code="o">H331.2 PCS 163</subfield>
    <subfield code="p">R21567</subfield>
    <subfield code="r">2026-04-10 16:10:08</subfield>
    <subfield code="w">2026-04-10</subfield>
    <subfield code="y">RN</subfield>
  </datafield>
  <datafield tag="952" ind1=" " ind2=" ">
    <subfield code="0">0</subfield>
    <subfield code="1">0</subfield>
    <subfield code="4">0</subfield>
    <subfield code="7">0</subfield>
    <subfield code="a">BCEJYS</subfield>
    <subfield code="b">BCEJYS</subfield>
    <subfield code="c">13</subfield>
    <subfield code="d">1997-10-01</subfield>
    <subfield code="h">N&#xBA; 162 - oct. 1997</subfield>
    <subfield code="l">0</subfield>
    <subfield code="o">H331.2 PCS 162</subfield>
    <subfield code="p">R21566</subfield>
    <subfield code="r">2026-04-10 16:10:08</subfield>
    <subfield code="w">2026-04-10</subfield>
    <subfield code="y">RN</subfield>
  </datafield>
  <datafield tag="952" ind1=" " ind2=" ">
    <subfield code="0">0</subfield>
    <subfield code="1">0</subfield>
    <subfield code="4">0</subfield>
    <subfield code="7">0</subfield>
    <subfield code="a">BCEJYS</subfield>
    <subfield code="b">BCEJYS</subfield>
    <subfield code="c">13</subfield>
    <subfield code="d">1997-09-01</subfield>
    <subfield code="h">N&#xBA; 161 - sep. 1997</subfield>
    <subfield code="l">0</subfield>
    <subfield code="o">H331.2 PCS 161</subfield>
    <subfield code="p">R21565</subfield>
    <subfield code="r">2026-04-10 16:10:09</subfield>
    <subfield code="w">2026-04-10</subfield>
    <subfield code="y">RN</subfield>
  </datafield>
  <datafield tag="952" ind1=" " ind2=" ">
    <subfield code="0">0</subfield>
    <subfield code="1">0</subfield>
    <subfield code="4">0</subfield>
    <subfield code="7">0</subfield>
    <subfield code="a">BCEJYS</subfield>
    <subfield code="b">BCEJYS</subfield>
    <subfield code="c">13</subfield>
    <subfield code="d">1997-07-01</subfield>
    <subfield code="h">N&#xBA; 160 - jul. 1997</subfield>
    <subfield code="l">0</subfield>
    <subfield code="o">H331.2 PCS 160</subfield>
    <subfield code="p">R21564</subfield>
    <subfield code="r">2026-04-10 16:10:09</subfield>
    <subfield code="w">2026-04-10</subfield>
    <subfield code="y">RN</subfield>
  </datafield>
  <datafield tag="952" ind1=" " ind2=" ">
    <subfield code="0">0</subfield>
    <subfield code="1">0</subfield>
    <subfield code="4">0</subfield>
    <subfield code="7">0</subfield>
    <subfield code="a">BCEJYS</subfield>
    <subfield code="b">BCEJYS</subfield>
    <subfield code="c">13</subfield>
    <subfield code="d">1997-06-01</subfield>
    <subfield code="h">N&#xBA; 159 - jun. 1997</subfield>
    <subfield code="l">0</subfield>
    <subfield code="o">H331.2 PCS 159</subfield>
    <subfield code="p">R21563</subfield>
    <subfield code="r">2026-04-10 16:10:09</subfield>
    <subfield code="w">2026-04-10</subfield>
    <subfield code="y">RN</subfield>
  </datafield>
  <datafield tag="952" ind1=" " ind2=" ">
    <subfield code="0">0</subfield>
    <subfield code="1">0</subfield>
    <subfield code="4">0</subfield>
    <subfield code="7">0</subfield>
    <subfield code="a">BCEJYS</subfield>
    <subfield code="b">BCEJYS</subfield>
    <subfield code="c">13</subfield>
    <subfield code="d">1997-03-01</subfield>
    <subfield code="h">N&#xBA; 156 - mar. 1997</subfield>
    <subfield code="l">0</subfield>
    <subfield code="o">H331.2 PCS 156</subfield>
    <subfield code="p">R21562</subfield>
    <subfield code="r">2026-04-10 16:10:09</subfield>
    <subfield code="w">2026-04-10</subfield>
    <subfield code="y">RN</subfield>
  </datafield>
  <datafield tag="952" ind1=" " ind2=" ">
    <subfield code="0">0</subfield>
    <subfield code="1">0</subfield>
    <subfield code="4">0</subfield>
    <subfield code="7">0</subfield>
    <subfield code="a">BCEJYS</subfield>
    <subfield code="b">BCEJYS</subfield>
    <subfield code="c">13</subfield>
    <subfield code="d">1996-12-01</subfield>
    <subfield code="h">N&#xBA; 154 - dic. 1996</subfield>
    <subfield code="l">0</subfield>
    <subfield code="o">H331.2 PCS 154</subfield>
    <subfield code="p">R21560</subfield>
    <subfield code="r">2026-04-10 16:10:09</subfield>
    <subfield code="w">2026-04-10</subfield>
    <subfield code="y">RN</subfield>
  </datafield>
  <datafield tag="952" ind1=" " ind2=" ">
    <subfield code="0">0</subfield>
    <subfield code="1">0</subfield>
    <subfield code="4">0</subfield>
    <subfield code="7">0</subfield>
    <subfield code="a">BCEJYS</subfield>
    <subfield code="b">BCEJYS</subfield>
    <subfield code="c">13</subfield>
    <subfield code="d">1996-11-01</subfield>
    <subfield code="h">N&#xBA; 153 - nov. 1996</subfield>
    <subfield code="l">0</subfield>
    <subfield code="o">H331.2 PCS 153</subfield>
    <subfield code="p">R21559</subfield>
    <subfield code="r">2026-04-10 16:10:09</subfield>
    <subfield code="w">2026-04-10</subfield>
    <subfield code="y">RN</subfield>
  </datafield>
  <datafield tag="952" ind1=" " ind2=" ">
    <subfield code="0">0</subfield>
    <subfield code="1">0</subfield>
    <subfield code="4">0</subfield>
    <subfield code="7">0</subfield>
    <subfield code="a">BCEJYS</subfield>
    <subfield code="b">BCEJYS</subfield>
    <subfield code="c">13</subfield>
    <subfield code="d">1996-10-01</subfield>
    <subfield code="h">N&#xBA; 152 - oct. 1996</subfield>
    <subfield code="l">0</subfield>
    <subfield code="o">H331.2 PCS 152</subfield>
    <subfield code="p">R21558</subfield>
    <subfield code="r">2026-04-10 16:10:09</subfield>
    <subfield code="w">2026-04-10</subfield>
    <subfield code="y">RN</subfield>
  </datafield>
  <datafield tag="952" ind1=" " ind2=" ">
    <subfield code="0">0</subfield>
    <subfield code="1">0</subfield>
    <subfield code="4">0</subfield>
    <subfield code="7">0</subfield>
    <subfield code="a">BCEJYS</subfield>
    <subfield code="b">BCEJYS</subfield>
    <subfield code="c">13</subfield>
    <subfield code="d">1996-09-01</subfield>
    <subfield code="h">N&#xBA; 151 - sep. 1996</subfield>
    <subfield code="l">0</subfield>
    <subfield code="o">H331.2 PCS 151</subfield>
    <subfield code="p">R21557</subfield>
    <subfield code="r">2026-04-10 16:10:09</subfield>
    <subfield code="w">2026-04-10</subfield>
    <subfield code="y">RN</subfield>
  </datafield>
  <datafield tag="952" ind1=" " ind2=" ">
    <subfield code="0">0</subfield>
    <subfield code="1">0</subfield>
    <subfield code="4">0</subfield>
    <subfield code="7">0</subfield>
    <subfield code="a">BCEJYS</subfield>
    <subfield code="b">BCEJYS</subfield>
    <subfield code="c">13</subfield>
    <subfield code="d">1996-07-01</subfield>
    <subfield code="h">N&#xBA; 149 - jul. 1996</subfield>
    <subfield code="l">0</subfield>
    <subfield code="o">H331.2 PCS 149</subfield>
    <subfield code="p">R21556</subfield>
    <subfield code="r">2026-04-10 16:10:09</subfield>
    <subfield code="w">2026-04-10</subfield>
    <subfield code="y">RN</subfield>
  </datafield>
  <datafield tag="952" ind1=" " ind2=" ">
    <subfield code="0">0</subfield>
    <subfield code="1">0</subfield>
    <subfield code="4">0</subfield>
    <subfield code="7">0</subfield>
    <subfield code="a">BCEJYS</subfield>
    <subfield code="b">BCEJYS</subfield>
    <subfield code="c">13</subfield>
    <subfield code="d">1996-06-01</subfield>
    <subfield code="h">N&#xBA; 148 - jun. 1996</subfield>
    <subfield code="l">0</subfield>
    <subfield code="o">H331.2 PCS 148</subfield>
    <subfield code="p">R21555</subfield>
    <subfield code="r">2026-04-10 16:10:09</subfield>
    <subfield code="w">2026-04-10</subfield>
    <subfield code="y">RN</subfield>
  </datafield>
  <datafield tag="952" ind1=" " ind2=" ">
    <subfield code="0">0</subfield>
    <subfield code="1">0</subfield>
    <subfield code="4">0</subfield>
    <subfield code="7">0</subfield>
    <subfield code="a">BCEJYS</subfield>
    <subfield code="b">BCEJYS</subfield>
    <subfield code="c">13</subfield>
    <subfield code="d">1996-05-01</subfield>
    <subfield code="h">N&#xBA; 147 - mayo 1996</subfield>
    <subfield code="l">0</subfield>
    <subfield code="o">H331.2 PCS 147</subfield>
    <subfield code="p">R21554</subfield>
    <subfield code="r">2026-04-10 16:10:09</subfield>
    <subfield code="w">2026-04-10</subfield>
    <subfield code="y">RN</subfield>
  </datafield>
  <datafield tag="952" ind1=" " ind2=" ">
    <subfield code="0">0</subfield>
    <subfield code="1">0</subfield>
    <subfield code="4">0</subfield>
    <subfield code="7">0</subfield>
    <subfield code="a">BCEJYS</subfield>
    <subfield code="b">BCEJYS</subfield>
    <subfield code="c">13</subfield>
    <subfield code="d">1996-03-01</subfield>
    <subfield code="h">N&#xBA; 145 - mar. 1996</subfield>
    <subfield code="l">0</subfield>
    <subfield code="o">H331.2 PCS 145</subfield>
    <subfield code="p">R21553</subfield>
    <subfield code="r">2026-04-10 16:10:09</subfield>
    <subfield code="w">2026-04-10</subfield>
    <subfield code="y">RN</subfield>
  </datafield>
  <datafield tag="952" ind1=" " ind2=" ">
    <subfield code="0">0</subfield>
    <subfield code="1">0</subfield>
    <subfield code="4">0</subfield>
    <subfield code="7">0</subfield>
    <subfield code="a">BCEJYS</subfield>
    <subfield code="b">BCEJYS</subfield>
    <subfield code="c">13</subfield>
    <subfield code="d">1996-01-01</subfield>
    <subfield code="h">N&#xBA; 155 - ene. 1996</subfield>
    <subfield code="l">0</subfield>
    <subfield code="o">H331.2 PCS 155</subfield>
    <subfield code="p">R21561</subfield>
    <subfield code="r">2026-04-10 16:10:09</subfield>
    <subfield code="w">2026-04-10</subfield>
    <subfield code="y">RN</subfield>
  </datafield>
  <datafield tag="952" ind1=" " ind2=" ">
    <subfield code="0">0</subfield>
    <subfield code="1">0</subfield>
    <subfield code="4">0</subfield>
    <subfield code="7">0</subfield>
    <subfield code="a">BCEJYS</subfield>
    <subfield code="b">BCEJYS</subfield>
    <subfield code="c">13</subfield>
    <subfield code="d">1995-12-01</subfield>
    <subfield code="h">N&#xBA; 143 - dic. 1995</subfield>
    <subfield code="l">0</subfield>
    <subfield code="o">H331.2 PCS 143</subfield>
    <subfield code="p">R21547</subfield>
    <subfield code="r">2026-04-10 16:10:09</subfield>
    <subfield code="w">2026-04-10</subfield>
    <subfield code="y">RN</subfield>
  </datafield>
  <datafield tag="952" ind1=" " ind2=" ">
    <subfield code="0">0</subfield>
    <subfield code="1">0</subfield>
    <subfield code="4">0</subfield>
    <subfield code="7">0</subfield>
    <subfield code="a">BCEJYS</subfield>
    <subfield code="b">BCEJYS</subfield>
    <subfield code="c">13</subfield>
    <subfield code="d">1995-11-01</subfield>
    <subfield code="h">N&#xBA; 142 - nov. 1995</subfield>
    <subfield code="l">0</subfield>
    <subfield code="o">H331.2 PCS 142</subfield>
    <subfield code="p">R21546</subfield>
    <subfield code="r">2026-04-10 16:10:09</subfield>
    <subfield code="w">2026-04-10</subfield>
    <subfield code="y">RN</subfield>
  </datafield>
  <datafield tag="952" ind1=" " ind2=" ">
    <subfield code="0">0</subfield>
    <subfield code="1">0</subfield>
    <subfield code="4">0</subfield>
    <subfield code="7">0</subfield>
    <subfield code="a">BCEJYS</subfield>
    <subfield code="b">BCEJYS</subfield>
    <subfield code="c">13</subfield>
    <subfield code="d">1995-09-01</subfield>
    <subfield code="h">N&#xBA; 141 - sep. 1995</subfield>
    <subfield code="l">0</subfield>
    <subfield code="o">H331.2 PCS 141</subfield>
    <subfield code="p">R21545</subfield>
    <subfield code="r">2026-04-10 16:10:09</subfield>
    <subfield code="w">2026-04-10</subfield>
    <subfield code="y">RN</subfield>
  </datafield>
  <datafield tag="952" ind1=" " ind2=" ">
    <subfield code="0">0</subfield>
    <subfield code="1">0</subfield>
    <subfield code="4">0</subfield>
    <subfield code="7">0</subfield>
    <subfield code="a">BCEJYS</subfield>
    <subfield code="b">BCEJYS</subfield>
    <subfield code="c">13</subfield>
    <subfield code="d">1995-09-01</subfield>
    <subfield code="h">N&#xBA; 140 - sep. 1995</subfield>
    <subfield code="l">0</subfield>
    <subfield code="o">H331.2 PCS 140</subfield>
    <subfield code="p">R21544</subfield>
    <subfield code="r">2026-04-10 16:10:09</subfield>
    <subfield code="w">2026-04-10</subfield>
    <subfield code="y">RN</subfield>
  </datafield>
  <datafield tag="952" ind1=" " ind2=" ">
    <subfield code="0">0</subfield>
    <subfield code="1">0</subfield>
    <subfield code="4">0</subfield>
    <subfield code="7">0</subfield>
    <subfield code="a">BCEJYS</subfield>
    <subfield code="b">BCEJYS</subfield>
    <subfield code="c">13</subfield>
    <subfield code="d">1995-08-01</subfield>
    <subfield code="h">N&#xBA; 139 - ago. 1995</subfield>
    <subfield code="l">0</subfield>
    <subfield code="o">H331.2 PCS 139</subfield>
    <subfield code="p">R21543</subfield>
    <subfield code="r">2026-04-10 16:10:09</subfield>
    <subfield code="w">2026-04-10</subfield>
    <subfield code="y">RN</subfield>
  </datafield>
  <datafield tag="952" ind1=" " ind2=" ">
    <subfield code="0">0</subfield>
    <subfield code="1">0</subfield>
    <subfield code="4">0</subfield>
    <subfield code="7">0</subfield>
    <subfield code="a">BCEJYS</subfield>
    <subfield code="b">BCEJYS</subfield>
    <subfield code="c">13</subfield>
    <subfield code="d">1995-07-01</subfield>
    <subfield code="h">N&#xBA; 138 - jul. 1995</subfield>
    <subfield code="l">0</subfield>
    <subfield code="o">H331.2 PCS 138</subfield>
    <subfield code="p">R21542</subfield>
    <subfield code="r">2026-04-10 16:10:09</subfield>
    <subfield code="w">2026-04-10</subfield>
    <subfield code="y">RN</subfield>
  </datafield>
  <datafield tag="952" ind1=" " ind2=" ">
    <subfield code="0">0</subfield>
    <subfield code="1">0</subfield>
    <subfield code="4">0</subfield>
    <subfield code="7">0</subfield>
    <subfield code="a">BCEJYS</subfield>
    <subfield code="b">BCEJYS</subfield>
    <subfield code="c">13</subfield>
    <subfield code="d">1995-06-01</subfield>
    <subfield code="h">N&#xBA; 137 - jun. 1995</subfield>
    <subfield code="l">0</subfield>
    <subfield code="o">H331.2 PCS 137</subfield>
    <subfield code="p">R21541</subfield>
    <subfield code="r">2026-04-10 16:10:09</subfield>
    <subfield code="w">2026-04-10</subfield>
    <subfield code="y">RN</subfield>
  </datafield>
  <datafield tag="952" ind1=" " ind2=" ">
    <subfield code="0">0</subfield>
    <subfield code="1">0</subfield>
    <subfield code="4">0</subfield>
    <subfield code="7">0</subfield>
    <subfield code="a">BCEJYS</subfield>
    <subfield code="b">BCEJYS</subfield>
    <subfield code="c">13</subfield>
    <subfield code="d">1995-05-01</subfield>
    <subfield code="h">N&#xBA; 136 - mayo 1995</subfield>
    <subfield code="l">0</subfield>
    <subfield code="o">H331.2 PCS 136</subfield>
    <subfield code="p">R21537</subfield>
    <subfield code="r">2026-04-10 16:10:09</subfield>
    <subfield code="w">2026-04-10</subfield>
    <subfield code="y">RN</subfield>
  </datafield>
  <datafield tag="952" ind1=" " ind2=" ">
    <subfield code="0">0</subfield>
    <subfield code="1">0</subfield>
    <subfield code="4">0</subfield>
    <subfield code="7">0</subfield>
    <subfield code="a">BCEJYS</subfield>
    <subfield code="b">BCEJYS</subfield>
    <subfield code="c">13</subfield>
    <subfield code="d">1995-04-01</subfield>
    <subfield code="h">N&#xBA; 135 - abr. 1995</subfield>
    <subfield code="l">0</subfield>
    <subfield code="o">H331.2 PCS 135</subfield>
    <subfield code="p">R21548</subfield>
    <subfield code="r">2026-04-10 16:10:09</subfield>
    <subfield code="w">2026-04-10</subfield>
    <subfield code="y">RN</subfield>
  </datafield>
  <datafield tag="952" ind1=" " ind2=" ">
    <subfield code="0">0</subfield>
    <subfield code="1">0</subfield>
    <subfield code="4">0</subfield>
    <subfield code="7">0</subfield>
    <subfield code="a">BCEJYS</subfield>
    <subfield code="b">BCEJYS</subfield>
    <subfield code="c">13</subfield>
    <subfield code="d">1995-01-01</subfield>
    <subfield code="h">N&#xBA; 132 - ene. 1995</subfield>
    <subfield code="l">0</subfield>
    <subfield code="o">H331.2 PCS 132</subfield>
    <subfield code="p">R21552</subfield>
    <subfield code="r">2026-04-10 16:10:09</subfield>
    <subfield code="w">2026-04-10</subfield>
    <subfield code="y">RN</subfield>
  </datafield>
  <datafield tag="952" ind1=" " ind2=" ">
    <subfield code="0">0</subfield>
    <subfield code="1">0</subfield>
    <subfield code="4">0</subfield>
    <subfield code="7">0</subfield>
    <subfield code="a">BCEJYS</subfield>
    <subfield code="b">BCEJYS</subfield>
    <subfield code="c">13</subfield>
    <subfield code="d">1994-12-01</subfield>
    <subfield code="h">N&#xBA; 131 - dic. 1994</subfield>
    <subfield code="l">0</subfield>
    <subfield code="o">H331.2 PCS 131</subfield>
    <subfield code="p">R21551</subfield>
    <subfield code="r">2026-04-10 16:10:09</subfield>
    <subfield code="w">2026-04-10</subfield>
    <subfield code="y">RN</subfield>
  </datafield>
  <datafield tag="952" ind1=" " ind2=" ">
    <subfield code="0">0</subfield>
    <subfield code="1">0</subfield>
    <subfield code="4">0</subfield>
    <subfield code="7">0</subfield>
    <subfield code="a">BCEJYS</subfield>
    <subfield code="b">BCEJYS</subfield>
    <subfield code="c">13</subfield>
    <subfield code="d">1994-11-01</subfield>
    <subfield code="h">N&#xBA; 130 - nov. 1994</subfield>
    <subfield code="l">0</subfield>
    <subfield code="o">H331.2 PCS 130</subfield>
    <subfield code="p">R21550</subfield>
    <subfield code="r">2026-04-10 16:10:09</subfield>
    <subfield code="w">2026-04-10</subfield>
    <subfield code="y">RN</subfield>
  </datafield>
  <datafield tag="952" ind1=" " ind2=" ">
    <subfield code="0">0</subfield>
    <subfield code="1">0</subfield>
    <subfield code="4">0</subfield>
    <subfield code="7">0</subfield>
    <subfield code="a">BCEJYS</subfield>
    <subfield code="b">BCEJYS</subfield>
    <subfield code="c">13</subfield>
    <subfield code="d">1994-08-01</subfield>
    <subfield code="h">N&#xBA; 127 - ago. 1994</subfield>
    <subfield code="l">0</subfield>
    <subfield code="o">H331.2 PCS 127</subfield>
    <subfield code="p">R21549</subfield>
    <subfield code="r">2026-04-10 16:10:09</subfield>
    <subfield code="w">2026-04-10</subfield>
    <subfield code="y">RN</subfield>
  </datafield>
  <datafield tag="952" ind1=" " ind2=" ">
    <subfield code="0">0</subfield>
    <subfield code="1">0</subfield>
    <subfield code="4">0</subfield>
    <subfield code="7">0</subfield>
    <subfield code="a">BCEJYS</subfield>
    <subfield code="b">BCEJYS</subfield>
    <subfield code="c">13</subfield>
    <subfield code="d">1989-07-01</subfield>
    <subfield code="h">N&#xBA; 69 - jul. 1989</subfield>
    <subfield code="l">0</subfield>
    <subfield code="o">H331.2 PCS 69</subfield>
    <subfield code="p">R21540</subfield>
    <subfield code="r">2026-04-10 16:10:09</subfield>
    <subfield code="w">2026-04-10</subfield>
    <subfield code="y">RN</subfield>
  </datafield>
  <datafield tag="952" ind1=" " ind2=" ">
    <subfield code="0">0</subfield>
    <subfield code="1">0</subfield>
    <subfield code="4">0</subfield>
    <subfield code="7">0</subfield>
    <subfield code="a">BCEJYS</subfield>
    <subfield code="b">BCEJYS</subfield>
    <subfield code="c">13</subfield>
    <subfield code="d">1989-06-01</subfield>
    <subfield code="h">N&#xBA; 68 - jun. 1989</subfield>
    <subfield code="l">0</subfield>
    <subfield code="o">H331.2 PCS 68</subfield>
    <subfield code="p">R21538</subfield>
    <subfield code="r">2026-04-10 16:10:09</subfield>
    <subfield code="w">2026-04-10</subfield>
    <subfield code="y">RN</subfield>
  </datafield>
  <datafield tag="952" ind1=" " ind2=" ">
    <subfield code="0">0</subfield>
    <subfield code="1">0</subfield>
    <subfield code="4">0</subfield>
    <subfield code="7">0</subfield>
    <subfield code="a">BCEJYS</subfield>
    <subfield code="b">BCEJYS</subfield>
    <subfield code="c">13</subfield>
    <subfield code="d">1988-12-01</subfield>
    <subfield code="h">N&#xBA; 63 - dic. 1988</subfield>
    <subfield code="l">0</subfield>
    <subfield code="o">H331.2 PCS 63</subfield>
    <subfield code="p">R21527</subfield>
    <subfield code="r">2026-04-10 16:10:09</subfield>
    <subfield code="w">2026-04-10</subfield>
    <subfield code="y">RN</subfield>
  </datafield>
</record>
